000 00662nam a2200229Ia 4500
003 GCL
008 140319s9999 xx 000 0 ara d
040 _aGCL /
_cGCL
082 0 4 _aط
_b813.0876
_bز ج
100 1 _aعادل البطراوى
245 1 0 _aجسم الانسان: البيت الكبير /
_cعادل البطراوى
700 1 _aزهير البيلى
260 _a[S.N] :
_bدار المعارف ،
_c1991
300 _a12 ص
490 _a
650 0 4 _aالاطفال
650 0 4 _aتعليم الاطفال
650 0 4 _aالقصص
650 0 4 _aقصص الاطفال
650 0 4 _aالقصص العلمية
942 _2ddc
_cBK
999 _c56722
_d56722